| 000 -LEADER |
| fixed length control field |
00498nam a22001577a 4500 |
| 008 - FIXED-LENGTH DATA ELEMENTS--GENERAL INFORMATION |
| fixed length control field |
151015b xxu||||| |||| 00| 0 eng d |
| 020 ## - INTERNATIONAL STANDARD BOOK NUMBER |
| International Standard Book Number |
0132357895 |
| 041 0# - LANGUAGE CODE |
| Language code of text/sound track or separate title |
eng |
| 080 ## - UNIVERSAL DECIMAL CLASSIFICATION NUMBER |
| Universal Decimal Classification number |
658:004 |
| 245 00 - TITLE STATEMENT |
| Title |
Decision support and executive information systems / |
| Statement of responsibility, etc |
edited by Paul Gray,William R.King |
| 260 ## - |
| -- |
1994 |
| -- |
Englewood Cliffs, N.J. : |
| -- |
Prentice Hall, |
| 300 ## - |
| -- |
x, 469 f. : |
| -- |
me il.; |
| -- |
24 cm. |
| 650 #0 - |
| -- |
Menaxhimi i sistemeve të informacionit |
| 700 1# - |
| -- |
Gray, Paul, |
| 942 ## - ADDED ENTRY ELEMENTS (KOHA) |
| Source of classification or shelving scheme |
|
| Item type |
Books |